On This Day: October 20th Quiz Stats

Quiz Updated Oct 20, 2017

Challenge
Share
Tweet
Embed
Score 0/7 Timer 03:00
1 Play Today
Question Answer Wrong Answers
The United States Senate ratifies the ______ Purchase.
1803
Louisiana
93.7%
Gadsden
1.2%
Alaskan
3.9%
Virgin Islands
1.1%
This Australian landmark is opened by Elizabeth II after 14 years of construction.
1973
Sydney Opera House
86.8%
Cape Byron Lighthouse
0.6%
Sydney Harbour Bridge
8.2%
Sydney Tower
2.1%
National Transitional Council rebel forces capture this ousted Libyan dictator in his hometown of Sirte.
2011
Muammar Gaddafi
84.9%
Hosni Mubarak
3.6%
Idi Amin
6.6%
Omar Mukhtar
2.5%
This American singer-songwriter, known for hits like ‘Free Fallin'’ and ‘Learning to Fly’, is born.
1950
Tom Petty
82.8%
Stevie Nicks
3.3%
Roy Orbison
2.6%
Neil Young
9.2%
Yale, Princeton, Columbia, and Rutgers universities draft the first code of American ______ rules.
1873
Football
76.1%
Baseball
9.3%
Golf
1.2%
Rowing
11.9%
The House ______ Activities Committee begins its investigation into Communist infiltration of the film industry, resulting in a blacklist that prevents some from working for years.
1947
Un-American
70.4%
Anti-Capitalist
6%
Socialist
14.2%
Red
7.3%
The Convention of 1818 is signed between the United States and the United Kingdom, which settles the Canada–United States border on the ______ parallel for most of its length.
1818
49th
53.5%
39th
25.6%
29th
11.8%
59th
8%

Today's Daily Dose

You're not logged in!

Compare scores with friends on all Sporcle quizzes.
Join for Free
OR
Log In

You Might Also Like...

Show Comments

Extras

Top Quizzes Today


Score Distribution

Your Account Isn't Verified!

In order to create a playlist on Sporcle, you need to verify the email address you used during registration. Go to your Sporcle Settings to finish the process.

Report this User

Report this user for behavior that violates our Community Guidelines.

Details: